[Event "CRO-chT4A Center"]
[Site "Zagreb"]
[Date "2010.11.07"]
[Round "10.53"]
[White "Josipovic, Perica"]
[Black "Ranogajec, Vlado"]
[Result "1-0"]
[WhiteElo "2121"]
[BlackElo "2074"]
[PlyCount "82"]
[EventDate "2010.03.21"]
[EventType "team-tourn"]
[EventRounds "11"]
[EventCountry "CRO"]
[SourceTitle "EXT 2012"]
[Source "ChessBase"]
[SourceDate "2011.11.24"]
[SourceVersion "1"]
[SourceVersionDate "2011.11.24"]
[SourceQuality "1"]

1. d4 d5 2. Nf3 e6 3. c3 Nf6 4. Bg5 Be7 5. Nbd2 Nbd7 6. e3 c5 7. Bd3 0-0 8. 0-0 Qc7 9. Re1 e5 10. dxe5 Nxe5 11. Nxe5 Qxe5 12. Bf4 Qe6 13. Bg3 Bd6 14. Bxd6 Qxd6 15. e4 dxe4 16. Nxe4 Nxe4 17. Bxe4 Qxd1 18. Raxd1 Be6 19. Bd5 Bxd5 20. Rxd5 b6 21. Kf1 g6 22. Rd7 a6 23. Ree7 Rad8 24. Rxf7 Rxf7 25. Rxd8+ Kg7 26. Rd6 Rb7 27. Rc6 Kf7 28. g4 Ke7 29. h4 a5 30. Ke2 Kd7 31. Rf6 Ke7 32. g5 b5 33. f4 a4 34. Rc6 c4 35. a3 Kd7 36. Rf6 Ke7 37. Kf3 Ke8 38. Kg4 Kd8 39. h5 gxh5+ 40. Kxh5 Ke7 41. Kh6 Ke8 1-0

[Event "CRO-Cup"]
[Site "Pula"]
[Date "1999.05.28"]
[Round "5"]
[White "Josipovic, Perica"]
[Black "Vukelic, Tomislav"]
[Result "0-1"]
[WhiteElo "2190"]
[BlackElo "2319"]
[PlyCount "100"]
[EventDate "1999.05.??"]
[EventType "team"]
[EventRounds "5"]
[EventCountry "CRO"]
[SourceTitle "CBM 070 Extra"]
[Source "ChessBase"]
[SourceDate "1999.07.10"]
[SourceVersion "1"]
[SourceVersionDate "1999.07.10"]
[SourceQuality "1"]

1. d4 Nf6 2. Nf3 b6 3. c3 Bb7 4. Bg5 g6 5. Nbd2 Bg7 6. e3 0-0 7. Be2 d6 8. 0-0 Nbd7 9. Ne1 c5 10. Bh4 Rc8 11. Nd3 Rc7 12. Bg3 Qa8 13. Ne1 Bc6 14. h3 Qb7 15. Nef3 b5 16. b3 cxd4 17. exd4 Ne4 18. Nxe4 Bxe4 19. Qd2 Bd5 20. Bh4 Nf6 21. Bxf6 Bxf6 22. Rfc1 Rfc8 23. Rab1 Qb6 24. Ne1 Qa5 25. Bxb5 Qxb5 26. c4 Qa6 27. cxd5 Rxc1 28. Rxc1 Rxc1 29. Qxc1 Qxa2 30. Qc3 Qb1 31. Kf1 Qe4 32. Qc4 Qxd4 33. Qxd4 Bxd4 34. Ke2 e6 35. Nc2 Bc5 36. b4 Bb6 37. Na3 Kf8 38. Nb5 Ke7 39. Nc3 Kf6 40. f4 exd5 41. Nxd5+ Ke6 42. Nc3 d5 43. Kd3 Kd6 44. Nd1 Kc6 45. g4 Bc7 46. f5 gxf5 47. gxf5 Bb6 48. Nc3 Kd6 49. f6 Ke5 50. Ne2 Bf2 0-1

[Event "CRO-Cup"]
[Site "Pula"]
[Date "1999.05.24"]
[Round "1"]
[White "Zivkovic, Vjekoslav"]
[Black "Josipovic, Perica"]
[Result "1-0"]
[WhiteElo "2275"]
[BlackElo "2190"]
[PlyCount "69"]
[EventDate "1999.05.??"]
[EventType "team"]
[EventRounds "5"]
[EventCountry "CRO"]
[SourceTitle "CBM 070 Extra"]
[Source "ChessBase"]
[SourceDate "1999.07.10"]
[SourceVersion "1"]
[SourceVersionDate "1999.07.10"]
[SourceQuality "1"]

1. e4 e6 2. d4 d5 3. Nc3 Nf6 4. e5 Ng8 5. f4 b6 6. Nf3 Be7 7. Be3 c6 8. g4 g6 9. Qd2 h5 10. gxh5 Rxh5 11. 0-0-0 Ba6 12. Ne2 Rh8 13. Ng5 Nd7 14. Ng3 Bxf1 15. Rdxf1 Nh6 16. h4 Nf5 17. Nxf5 gxf5 18. h5 Nf8 19. Qg2 Qd7 20. Rfg1 f6 21. Nf3 0-0-0 22. Qg7 Nh7 23. Bf2 Rde8 24. Bh4 a5 25. exf6 Bd6 26. Qxd7+ Kxd7 27. Rg7+ Kc8 28. Ne5 Bxe5 29. fxe5 Kb8 30. f7 Rc8 31. Be7 Kb7 32. Rxh7 Rxh7 33. f8Q Rxf8 34. Bxf8 Rf7 35. Bh6 1-0

[Event "Zagreb op"]
[Site "Zagreb"]
[Date "1997.??.??"]
[Round "7"]
[White "Josipovic, Perica"]
[Black "Majeric, Zoran"]
[Result "1/2-1/2"]
[WhiteElo "2185"]
[BlackElo "2355"]
[PlyCount "127"]
[EventDate "1997.??.??"]
[EventType "swiss"]
[EventRounds "9"]
[EventCountry "CRO"]
[SourceTitle "EXT 1999"]
[Source "ChessBase"]
[SourceDate "1998.11.16"]
[SourceVersion "1"]
[SourceVersionDate "1998.11.16"]
[SourceQuality "1"]

1. d4 Nf6 2. Nf3 e6 3. c3 c5 4. Bg5 b6 5. e3 Bb7 6. Nbd2 Be7 7. Bd3 cxd4 8. exd4 d6 9. Qe2 Nbd7 10. 0-0 0-0 11. Rfe1 Re8 12. Rad1 Nf8 13. a3 Qc7 14. Ne4 Nxe4 15. Bxe4 Bxe4 16. Qxe4 Bxg5 17. Nxg5 h6 18. Nf3 Rac8 19. h3 Nd7 20. Re3 Nf6 21. Qh4 Nd5 22. Ree1 Qe7 23. Qg3 Nf6 24. Nd2 e5 25. dxe5 dxe5 26. Nf3 e4 27. Nd4 Rc5 28. Nc2 Rg5 29. Qd6 Qb7 30. Ne3 Re6 31. Qd8+ Kh7 32. h4 Rh5 33. g3 Rc5 34. Qd2 b5 35. Qd4 Qc7 36. Qd8 Qb7 37. Qf8 Rc8 38. Qb4 Re5 39. Rd4 Rcc5 40. Qb3 a5 41. Qd1 Re7 42. Qc2 Nd7 43. Nd5 Re5 44. Ne3 f5 45. Red1 Re7 46. Nd5 Re5 47. Ne3 Nf6 48. Qe2 Qf7 49. Rd6 Re6 50. b4 axb4 51. cxb4 Rce5 52. Qb2 Rxd6 53. Rxd6 Qe7 54. Qd2 g5 55. hxg5 hxg5 56. Rd4 f4 57. Nd5 Nxd5 58. Rxd5 Rxd5 59. Qxd5 fxg3 60. Qf5+ Kg7 61. fxg3 Qa7+ 62. Kg2 Qe3 63. Qd7+ Kf6 64. Qd6+ 1/2-1/2